{"text_format":"3","workbook":"xlsx","n_sheets":4,"sheets":["État d'acompte","Situation","Suivi & pilotage","Mode d'emploi"],"not_rendered":{"charts":2},"read":"whole","date_system":"1900"}

{"sheet":"État d'acompte","index":0,"n_rows":44,"n_cols":5,"rows_kept":44,"merged":[[1,0,1,3],[2,0,2,5],[5,1,5,4],[8,2,8,4],[9,2,9,4],[10,2,10,4],[11,2,11,4],[13,1,13,4],[14,3,14,4],[15,3,15,4],[17,1,17,4],[23,1,23,4],[33,1,33,4],[34,2,34,3],[35,2,35,3],[36,2,36,3],[37,2,37,3],[38,2,38,3],[39,2,39,3],[40,1,40,3],[41,1,41,4],[43,1,43,2],[43,3,43,4],[44,1,46,2],[44,3,46,4]]}
[]
["ÉTAT D'ACOMPTE MENSUEL",{"$nulls":3},{"$f":"\"N°  \"&$C$7","v":"N°  2026-T02-087"}]
["Marché public de travaux — état établi au titre du CCAG Travaux · pièce justifiant l'acompte"]
[]
[]
[null,"IDENTIFICATION DU MARCHÉ"]
[null,"Marché n°","2026-T02-087","Acompte n°",6]
[null,"Période","Juin 2027","Date d'établissement","2027-06-30"]
[null,"Maître d'ouvrage","Communauté de communes des Coteaux Verts"]
[null,"Maître d'œuvre","Cabinet Aubry-Vasseur, architectes & ingénierie"]
[null,"Titulaire du marché","SAS Charpentes & Toitures du Ponant"]
[null,"Objet du marché","Pôle sportif intercommunal — Lot 2 : charpente, couverture, bardage"]
[]
[null,"SYNTHÈSE DE L'ACOMPTE"]
[null,"Montant du marché HT","Avancement global","NET À PAYER (€ TTC)"]
[null,{"$f":"Situation!$F$18","v":{"v":619999.8,"d":"620,000 €"}},{"$f":"$D$29","v":{"v":0.7181612574713734,"d":"71.8%"}},{"$f":"$E$41","v":{"v":65390.482136182865,"d":"65,390.48 €"}}]
[]
[null,"PARAMÈTRES FINANCIERS"]
[null,"Taux de TVA",{"v":0.2,"d":"20%"},"Retenue de garantie",{"v":0.05,"d":"5%"}]
[null,"Coefficient de révision / actualisation",1.014,"Avance forfaitaire versée (€)",{"v":31000,"d":"31,000.00 €"}]
[null,"Remboursement avance — début (% d'avancement)",{"v":0.65,"d":"65%"},"Remboursement avance — fin (% d'avancement)",{"v":0.8,"d":"80%"}]
[null,"Pénalités du présent acompte (€)",{"v":1800,"d":"1,800.00 €"},"Montant du marché HT",{"$f":"Situation!$F$18","v":{"v":619999.8,"d":"619,999.80 €"}}]
[]
[null,"DÉCOMPTE CUMULÉ (HORS TAXES)"]
[null,"Rubrique","Cumul antérieur","Cumul à ce jour","Présent acompte"]
[null,"Travaux exécutés",{"$f":"Situation!$I$18","v":{"v":375559.86,"d":"375,559.86 €"}},{"$f":"Situation!$H$18","v":{"v":445259.836,"d":"445,259.84 €"}},{"$f":"$D26-$C26","v":{"v":69699.97600000002,"d":"69,699.98 €"}}]
[null,"Révision / actualisation de prix",{"$f":"($C$20-1)*$C26","v":{"v":5257.838040000004,"d":"5,257.84 €"}},{"$f":"($C$20-1)*$D26","v":{"v":6233.637704000006,"d":"6,233.64 €"}},{"$f":"$D27-$C27","v":{"v":975.7996640000019,"d":"975.80 €"}}]
[null,"Montant HT (base + révision)",{"$f":"$C26+$C27","v":{"v":380817.69804,"d":"380,817.70 €"}},{"$f":"$D26+$D27","v":{"v":451493.473704,"d":"451,493.47 €"}},{"$f":"$D28-$C28","v":{"v":70675.77566400002,"d":"70,675.78 €"}}]
[null,"Avancement global",{"$f":"IF($E$22=0,\"\",$C26/$E$22)","v":{"v":0.6057419050780338,"d":"60.6%"}},{"$f":"IF($E$22=0,\"\",$D26/$E$22)","v":{"v":0.7181612574713734,"d":"71.8%"}},{"$f":"IF($E$22=0,\"\",$D29-$C29)","v":{"v":0.11241935239333956,"d":"11.2%"}}]
[null,"Retenue de garantie (5 %)",{"$f":"$E$19*$C28","v":{"v":19040.884902,"d":"19,040.88 €"}},{"$f":"$E$19*$D28","v":{"v":22574.673685200003,"d":"22,574.67 €"}},{"$f":"$D30-$C30","v":{"v":3533.7887832000015,"d":"3,533.79 €"}}]
[null,"Remboursement de l'avance forfaitaire",{"$f":"$E$20*MAX(0,MIN(1,($C29-$C$21)/($E$21-$C$21)))","v":{"v":0,"d":"0.00 €"}},{"$f":"$E$20*MAX(0,MIN(1,($D29-$C$21)/($E$21-$C$21)))","v":{"v":14086.659877417158,"d":"14,086.66 €"}},{"$f":"$D31-$C31","v":{"v":14086.659877417158,"d":"14,086.66 €"}}]
[null,"Montant net HT à mandater",{"$f":"$C28-$C30-$C31","v":{"v":361776.81313799997,"d":"361,776.81 €"}},{"$f":"$D28-$D30-$D31","v":{"v":414832.1401413829,"d":"414,832.14 €"}},{"$f":"$D32-$C32","v":{"v":53055.3270033829,"d":"53,055.33 €"}}]
[]
[null,"LIQUIDATION DU PRÉSENT ACOMPTE"]
[null,"Montant HT du présent acompte",null,null,{"$f":"$E28","v":{"v":70675.77566400002,"d":"70,675.78 €"}}]
[null,"TVA (20 %)",null,null,{"$f":"$C$19*$E35","v":{"v":14135.155132800004,"d":"14,135.16 €"}}]
[null,"Montant TTC",null,null,{"$f":"$E35+$E36","v":{"v":84810.93079680002,"d":"84,810.93 €"}}]
[null,"À déduire — retenue de garantie du mois",null,null,{"$f":"$E30","v":{"v":3533.7887832000015,"d":"3,533.79 €"}}]
[null,"À déduire — remboursement de l'avance du mois",null,null,{"$f":"$E31","v":{"v":14086.659877417158,"d":"14,086.66 €"}}]
[null,"À déduire — pénalités",null,null,{"$f":"$C$22","v":{"v":1800,"d":"1,800.00 €"}}]
[null,"NET À PAYER — ACOMPTE À MANDATER (€ TTC)",null,null,{"$f":"$E37-$E38-$E39-$E40","v":{"v":65390.482136182865,"d":"65,390.48 €"}}]
[null,{"$f":"IF($E41=\"\",\"\",\"Arrêté le présent acompte à la somme de \"&TEXT($E41,\"#,##0.00\")&\" € toutes taxes comprises.\")","v":"Arrêté le présent acompte à la somme de 65390,48214 € toutes taxes comprises."}]
[]
[null,"Le titulaire",null,"Le maître d'œuvre"]

{"sheet":"Situation","index":1,"n_rows":18,"n_cols":11,"rows_kept":18,"merged":[[1,0,1,8],[2,0,2,10]]}
[]
["SITUATION DE TRAVAUX"]
["Décompte des prestations exécutées — avancement cumulé par poste · alimente l'état d'acompte · 2027"]
[]
[]
["N°","Désignation des prestations","Unité","Quantité","P.U. HT (€)","Montant marché HT (€)","Avancement","Montant à ce jour HT (€)","Cumul antérieur HT (€)","Réalisé du mois HT (€)","Reste à réaliser HT (€)"]
[1,"Installation et repli de chantier","Ens",{"v":1,"d":"1."},{"v":15000,"d":"15,000.00 €"},{"$f":"IF($A7=\"\",\"\",$D7*$E7)","v":{"v":15000,"d":"15,000.00 €"}},{"v":1,"d":"100%"},{"$f":"IF($A7=\"\",\"\",$F7*$G7)","v":{"v":15000,"d":"15,000.00 €"}},{"$f":"IF($A7=\"\",\"\",ROUND($F7*1,2))","v":{"v":15000,"d":"15,000.00 €"}},{"$f":"IF($A7=\"\",\"\",$H7-$I7)","v":{"v":0,"d":"0.00 €"}},{"$f":"IF($A7=\"\",\"\",$F7-$H7)","v":{"v":0,"d":"0.00 €"}}]
[2,"Charpente en lamellé-collé","m³",{"v":95,"d":"95."},{"v":1736.84,"d":"1,736.84 €"},{"v":164999.8,"d":"164,999.80 €"},{"v":0.82,"d":"82%"},{"v":135299.83599999998,"d":"135,299.84 €"},{"$f":"IF($A8=\"\",\"\",ROUND($F8*0.72,2))","v":{"v":118799.86,"d":"118,799.86 €"}},{"v":16499.97599999998,"d":"16,499.98 €"},{"v":29699.964000000007,"d":"29,699.96 €"}]
[3,"Charpente métallique secondaire","kg",{"v":9000,"d":"9,000."},{"v":8,"d":"8.00 €"},{"v":72000,"d":"72,000.00 €"},{"v":0.78,"d":"78%"},{"v":56160,"d":"56,160.00 €"},{"$f":"IF($A9=\"\",\"\",ROUND($F9*0.68,2))","v":{"v":48960,"d":"48,960.00 €"}},{"v":7200,"d":"7,200.00 €"},{"v":15840,"d":"15,840.00 €"}]
[4,"Couverture bac acier isolé","m²",{"v":1600,"d":"1,600."},{"v":80,"d":"80.00 €"},{"v":128000,"d":"128,000.00 €"},{"v":0.74,"d":"74%"},{"v":94720,"d":"94,720.00 €"},{"$f":"IF($A10=\"\",\"\",ROUND($F10*0.62,2))","v":{"v":79360,"d":"79,360.00 €"}},{"v":15360,"d":"15,360.00 €"},{"v":33280,"d":"33,280.00 €"}]
[5,"Étanchéité toiture-terrasse","m²",{"v":800,"d":"800."},{"v":120,"d":"120.00 €"},{"v":96000,"d":"96,000.00 €"},{"v":0.68,"d":"68%"},{"v":65280.00000000001,"d":"65,280.00 €"},{"$f":"IF($A11=\"\",\"\",ROUND($F11*0.55,2))","v":{"v":52800,"d":"52,800.00 €"}},{"v":12480.000000000007,"d":"12,480.00 €"},{"v":30719.999999999993,"d":"30,720.00 €"}]
[6,"Bardage métallique double peau","m²",{"v":925,"d":"925."},{"v":80,"d":"80.00 €"},{"v":74000,"d":"74,000.00 €"},{"v":0.6,"d":"60%"},{"v":44400,"d":"44,400.00 €"},{"$f":"IF($A12=\"\",\"\",ROUND($F12*0.48,2))","v":{"v":35520,"d":"35,520.00 €"}},{"v":8880,"d":"8,880.00 €"},{"v":29600,"d":"29,600.00 €"}]
[7,"Zinguerie et évacuations EP","ml",{"v":560,"d":"560."},{"v":50,"d":"50.00 €"},{"v":28000,"d":"28,000.00 €"},{"v":0.55,"d":"55%"},{"v":15400.000000000002,"d":"15,400.00 €"},{"$f":"IF($A13=\"\",\"\",ROUND($F13*0.42,2))","v":{"v":11760,"d":"11,760.00 €"}},{"v":3640.000000000002,"d":"3,640.00 €"},{"v":12599.999999999998,"d":"12,600.00 €"}]
[8,"Désenfumage et lanterneaux","U",{"v":22,"d":"22."},{"v":1000,"d":"1,000.00 €"},{"v":22000,"d":"22,000.00 €"},{"v":0.5,"d":"50%"},{"v":11000,"d":"11,000.00 €"},{"$f":"IF($A14=\"\",\"\",ROUND($F14*0.38,2))","v":{"v":8360,"d":"8,360.00 €"}},{"v":2640,"d":"2,640.00 €"},{"v":11000,"d":"11,000.00 €"}]
[9,"Serrurerie et garde-corps","ml",{"v":200,"d":"200."},{"v":100,"d":"100.00 €"},{"v":20000,"d":"20,000.00 €"},{"v":0.4,"d":"40%"},{"v":8000,"d":"8,000.00 €"},{"$f":"IF($A15=\"\",\"\",ROUND($F15*0.25,2))","v":{"v":5000,"d":"5,000.00 €"}},{"v":3000,"d":"3,000.00 €"},{"v":12000,"d":"12,000.00 €"}]
[{"$nulls":5},"",null,"",null,"",""]
[{"$nulls":5},"",null,"",null,"",""]
["TOTAL",{"$nulls":4},{"$f":"SUM(F7:F17)","v":{"v":619999.8,"d":"619,999.80 €"}},{"$f":"IF(F18=0,\"\",H18/F18)","v":{"v":0.7181612574713734,"d":"71.8%"}},{"$f":"SUM(H7:H17)","v":{"v":445259.836,"d":"445,259.84 €"}},{"$f":"SUM(I7:I17)","v":{"v":375559.86,"d":"375,559.86 €"}},{"$f":"SUM(J7:J17)","v":{"v":69699.976,"d":"69,699.98 €"}},{"$f":"SUM(K7:K17)","v":{"v":174739.964,"d":"174,739.96 €"}}]

{"sheet":"Suivi & pilotage","index":2,"n_rows":19,"n_cols":8,"rows_kept":19,"merged":[[1,0,1,7],[2,0,2,9],[5,1,5,2],[5,3,5,4],[5,5,5,6],[5,7,5,8],[6,1,7,2],[6,3,7,4],[6,5,7,6],[6,7,7,8],[8,1,8,7],[16,1,16,5],[18,1,18,4],[18,5,18,8]]}
[]
["SUIVI & PILOTAGE DU MARCHÉ"]
["Historique des acomptes, avancement et trésorerie mandatée · 2027"]
[]
[]
[null,"MONTANT DU MARCHÉ HT",null,"RÉALISÉ CUMULÉ HT",null,"AVANCEMENT GLOBAL",null,"TOTAL MANDATÉ (net)"]
[null,{"$f":"Situation!$F$18","v":{"v":619999.8,"d":"620,000 €"}},null,{"$f":"Situation!$H$18","v":{"v":445259.836,"d":"445,260 €"}},null,{"$f":"IF(Situation!$F$18=0,\"\",Situation!$H$18/Situation!$F$18)","v":{"v":0.7181612574713734,"d":"71.8%"}},null,{"$f":"SUM(G11:G16)","v":{"v":527870.4821361828,"d":"527,870 €"}}]
[]
[null,"HISTORIQUE DES ACOMPTES"]
[null,"N°","Période","Date d'arrêté","Travaux cumulé HT (€)","Avancement","Net à payer (€)","Statut"]
[null,1,"Janvier 2027","2027-01-31",{"v":62000,"d":"62,000.00 €"},{"$f":"IF(Situation!$F$18=0,\"\",$E11/Situation!$F$18)","v":{"v":0.10000003225807491,"d":"10.0%"}},{"v":79980,"d":"79,980.00 €"},"Payé"]
[null,2,"Février 2027","2027-02-28",{"v":155000,"d":"155,000.00 €"},{"$f":"IF(Situation!$F$18=0,\"\",$E12/Situation!$F$18)","v":{"v":0.2500000806451873,"d":"25.0%"}},{"v":113460,"d":"113,460.00 €"},"Payé"]
[null,3,"Mars 2027","2027-03-31",{"v":248000,"d":"248,000.00 €"},{"$f":"IF(Situation!$F$18=0,\"\",$E13/Situation!$F$18)","v":{"v":0.40000012903229965,"d":"40.0%"}},{"v":113460,"d":"113,460.00 €"},"Payé"]
[null,4,"Avril 2027","2027-04-30",{"v":310000,"d":"310,000.00 €"},{"$f":"IF(Situation!$F$18=0,\"\",$E14/Situation!$F$18)","v":{"v":0.5000001612903746,"d":"50.0%"}},{"v":75640,"d":"75,640.00 €"},"Payé"]
[null,5,"Mai 2027","2027-05-31",{"v":375560,"d":"375,560.00 €"},{"$f":"IF(Situation!$F$18=0,\"\",$E15/Situation!$F$18)","v":{"v":0.6057421308845583,"d":"60.6%"}},{"v":79940,"d":"79,940.00 €"},"Payé"]
[null,{"$f":"'État d''acompte'!$C$7","v":"2026-T02-087"},{"$f":"'État d''acompte'!$C$8","v":"Juin 2027"},{"$f":"'État d''acompte'!$E$8","v":"2027-06-30"},{"$f":"Situation!$H$18","v":{"v":445259.836,"d":"445,259.84 €"}},{"$f":"IF(Situation!$F$18=0,\"\",$E16/Situation!$F$18)","v":{"v":0.7181612574713734,"d":"71.8%"}},{"$f":"'État d''acompte'!$E$41","v":{"v":65390.482136182865,"d":"65,390.48 €"}},"En cours"]
[null,"TOTAL DES ACOMPTES (net à payer)",{"$nulls":4},{"$f":"SUM(G11:G16)","v":{"v":527870.4821361828,"d":"527,870.48 €"}}]
[]
[null,"Avancement cumulé (%)",{"$nulls":3},"Net à payer par acompte (€)"]

{"sheet":"Mode d'emploi","index":3,"n_rows":23,"n_cols":2,"rows_kept":23,"merged":[[2,0,2,2],[22,1,24,1]]}
[]
["MODE D'EMPLOI"]
["Établir un état d'acompte mensuel de marché public de travaux"]
[]
[]
[null,"1 · Renseigner la situation"]
[null,"Dans « Situation », listez les postes du marché (désignation, quantité, prix unitaire). Pour chaque poste, saisissez l'avancement cumulé (%) et le cumul antérieur figurant sur l'acompte précédent."]
[null,"2 · Compléter l'en-tête"]
[null,"Dans « État d'acompte », renseignez l'identification (intervenants, n° de marché, n° et période d'acompte) et les paramètres financiers : TVA, retenue de garantie, coefficient de révision, avance et seuils de remboursement."]
[null,"3 · Lire le décompte"]
[null,"Le décompte cumulé calcule seul (cumul antérieur / à ce jour / présent acompte). La liquidation en déduit le NET À PAYER après TVA, retenue de garantie, remboursement d'avance et pénalités."]
[null,"4 · Piloter le marché"]
[null,"« Suivi & pilotage » récapitule les acomptes successifs, l'avancement global et la trésorerie mandatée, avec deux graphiques."]
[null,"5 · Réutiliser le modèle"]
[null,"Remplacez les données d'exemple. Le remboursement de l'avance démarre automatiquement au seuil de début (65 %) et s'achève au seuil de fin (80 %) d'avancement."]
[]
[null,"LÉGENDE"]
[null,"Cellule à saisir"]
[null,"Cellule calculée automatiquement"]
[null,"Sous-total / acompte en cours"]
[null,"Montant à déduire"]
[]
[null,"Modèle indicatif à adapter au CCAP et au CCAG applicables. Les taux (TVA, retenue de garantie), le régime de l'avance et les règles de révision priment sur les valeurs d'exemple."]